000 00430nam a2200181Ia 4500
003 OSt
005 20230511114729.0
008 210210b1915 xxu||||| |||| 00| 0 eng d
040 _cAL
041 _aFrench
082 _a444/458
100 _aDUMAD (A)
_9102830
245 _aL homme an masque de fer
260 _aCambridge
_bAt the University Press
_c1915
690 _aFrench
_9102831
906 _a006653
942 _2ddc
_cBK
999 _c129643
_d129643